Технология переработки, физико-химические и структурно-механические свойства дисперсных материалов: Труды Всесоюзной конференции по физико-химической механике дисперсных материалов, Минск, 17-19 февраля 1969 г.; Т. 5.

Bibliografiska uppgifter
Institutionella upphovsmän: Академия Наук СССР, Академия наук Белорусской ССР Институт тепло- и массообмена им. А. В. Лыкова, Всесоюзная конференция по физико-химической механике дисперсных материалов
Övriga upphovsmän: Ребиндер П. А. (редактор), Лыков А. В.
Språk:ryska
Publicerad: Минск, 1973
Ämnen:
Materialtyp: MixedMaterials Bok
KOHA link:https://koha.lib.tpu.ru/cgi-bin/koha/opac-detail.pl?biblionumber=93602

MARC

LEADER 00000nam0a2200000 4500
001 93602
005 20231031105251.0
035 |a (RuTPU)RU\TPU\book\100214 
090 |a 93602 
100 |a 20060330d1973 k y0rusy50 ca 
101 0 |a rus 
102 |a BY 
105 |a a z 001zy 
200 1 |a Технология переработки, физико-химические и структурно-механические свойства дисперсных материалов  |h Т. 5.  |e Труды Всесоюзной конференции по физико-химической механике дисперсных материалов, Минск, 17-19 февраля 1969 г.  |f Академия Наук СССР; Академия наук Белорусской ССР; Институт тепло- и массообмена; Всесоюзная конференция по физико-химической механике дисперсных материалов; под ред.: П. А. Ребиндера, А. В. Лыкова 
210 |a Минск  |d 1973 
215 |a 307 с.  |c ил. 
320 |a Библиография в конце докладов. 
610 1 |a механика 
610 1 |a дисперсные материалы 
610 1 |a структуры 
610 1 |a технологические процессы 
610 1 |a виброкипящий слой 
675 |a 544.77:53(063)  |v 3 
702 1 |a Ребиндер  |b П. А.  |4 340 
702 1 |a Лыков  |b А. В.  |4 340 
712 0 2 |a Академия Наук СССР  |2 stltpush  |3 (RuTPU)RU\TPU\col\722 
712 0 2 |a Академия наук Белорусской ССР  |b Институт тепло- и массообмена им. А. В. Лыкова  |2 stltpush  |3 (RuTPU)RU\TPU\col\11896 
712 1 2 |a Всесоюзная конференция по физико-химической механике дисперсных материалов  |e Минск  |f 1969 
801 1 |a RU  |b 63413507  |c 20060330  |g PSBO 
801 2 |a RU  |b 63413507  |c 20190621  |g PSBO 
942 |c BK